000 00373nam a2200145Ia 4500
008 230711s9999||||xx |||||||||||||| ||und||
041 _aENG
082 _a720
_bFL-A
100 _aFletcher Sir Banister
245 2 _aA history of Architecture
250 _a2nd Ed.
260 _c1986
_aNew Delhi
_bCBS Publishers & Distributors Pvt.Ltd
650 _aArchitecture
942 _cBK
999 _c333
_d333